000 00348nam a2200145Ia 4500
008 230711s9999||||xx |||||||||||||| ||und||
041 _aENG
082 _a720
_bKH-I
100 _aKhan,Hasan Uddin
245 0 _aInternational style
250 _a1st . Ed.
260 _c2001
_aNew York
_bTaschen Publications
650 _aArchitecture
942 _cBK
999 _c4190
_d4190